000
00196 a2200097 4500
001
44043
100
_a
Sinha
245
_a
Haider Ali 1721-1779
260
_a
Calcutta
_b
_c
090
_c
27785
_d
27785
942
_a
NUST-CAE
_c
M
_c
19763
999
_c
279116
_d
279116